miasta w Polsce na literę Z - Statystyki

Ogólne statystyki
  • Ten quiz został rozwiązany 61 razy
  • Średni wynik to 14 z 36
Statystyki odpowiedzi
województwo miasto % Poprawnych
śląskie Zabrze
73%
lubelskie Zamość
73%
podlaskie Zambrów
62%
mazowieckie Ząbki
60%
łódzkie Zgierz
60%
śląskie Zawiercie
58%
lubuskie Zielona Góra
58%
małopolskie Zakopane
56%
dolnośląskie Złotoryja
53%
dolnośląskie Ząbkowice Śląskie
47%
dolnośląskie Zgorzelec
47%
łódzkie Zduńska Wola
45%
wielkopolskie Złotów
45%
mazowieckie Zielonka
42%
podkarpackie Zagórz
38%
mazowieckie Zwoleń
38%
świętokrzyskie Zawichost
36%
łódzkie Zelów
36%
podkarpackie Zaklików
35%
wielkopolskie Zbąszyń
35%
lubuskie Zbąszynek
35%
dolnośląskie Ziębice
35%
zachodniopomorskie Złocieniec
31%
małopolskie Zakliczyn
29%
małopolskie Zator
29%
podlaskie Zabłudów
27%
dolnośląskie Zawidów
27%
opolskie Zdzieszowice
27%
dolnośląskie Złoty Stok
27%
lubelskie Zwierzyniec
25%
wielkopolskie Zduny
24%
łódzkie Złoczew
24%
opolskie Zawadzkie
22%
mazowieckie Zakroczym
20%
wielkopolskie Zagórów
18%
warmińsko - mazurskie Zalewo
16%
Nie znaleziono quizów pasujących do podanych kryteriów
Rozkład punktacji
Procent ludzi z każdym wynikiem
Percentyl według liczby udzielonych odpowiedzi
Twoja historia wyników
Nie rozwiązałeś tego quizu